000 00324nab a22001097u 4500
008 130520b2003 xxu||||| |||| 00| 0 spa d
041 _aspa
100 1 _aTámez Luna, Elsa
_99317
245 0 0 _aMártires de América Latina
_cElsa Támez Luna
773 0 _tConcilium
_gnº299,2003,págs. 33-40
_x0210-1041
_wRev134
942 _cAR
999 _c362589
_d362589